Movies Quiz

Random Movies Quiz

Before and After Movie Titles Quiz Stats

 Plays Quiz not verified by Sporcle

Challenge
Share
Tweet
Embed
Score 0/10 Timer 06:00
0 Plays Today
Movie #1 Titles % Correct
Will Smith and a giant robotic spiderWild Wild West Side Story
89.3%
Dark Helmet and Lone Starr battle it out using the SchwartzSpaceBalls of Fury
78.6%
The One Ring is cast into Mt. DoomReturn of the Kingpin
75.9%
Rick Vaughn finally strikes out Clue Haywood, the league leader in nose hairMajor League of Extraordinary Gentlemen
71.4%
Jennifer Love Hewitt and her friends hit a guy with their car and leave him for dead, but they were wrongI Know What You Did Last Summer Catch
68.8%
Bruce Wayne and Dick GraysonBatman and Robin Hood Men in Tights
66.1%
A criminal mastermind inherits 3 orphan girlsDespicable Me Myself and Irene
59.8%
Hannibal, Face, Murdock, and B.A. BaracusThe A-Team America World Police
59.8%
Johnny Depp searches for Jack the RipperFrom Hellboy
45.5%
Leon Phelps finds love after wading through a sea of skanksLadies Man of the Year
35.7%

You're not logged in!

Compare scores with friends on all Sporcle quizzes.
OR
Log In

You Might Also Like...

Show Comments

Extras

Created Feb 18, 2011ReportNominate
Tags:After Movie, before

Top Quizzes Today


Score Distribution

Your Account Isn't Verified!

In order to create a playlist on Sporcle, you need to verify the email address you used during registration. Go to your Sporcle Settings to finish the process.

Report this User

Report this user for behavior that violates our Community Guidelines.

Details: